000
00172 a2200097 4500
001
18391
100
_a
245
_a
260
_a
_b
Allen Unwin
_c
090
_c
13651
_d
13651
942
_a
NUST-CAE
_c
_c
4060
999
_c
253464
_d
253464